1062 1144 1404 1293 1867 1089 1368 1811 1449 1688 1880 1596 1071 1244 1568 1084 1433 1233 1884 1385 1763 1763 1120 1640 1242 1902 1495 1256 1189 1025 1941 1386 1337 1210 1146 1972 1069 1039 1307 1759 1006 1673 1158 1068 1429 1103 1202 1744 1109 1761 1550 1164 1466 1809 1883 1323 1228 1390 1926 1734 1552 1724 1327 1294 1421 1692 1787 1591 1059 1025 1969 1831 1345 1583 1680 1625 1154 1986 1817 1918 1334 1209 1465 1372 1200 1466 1747 1365 1518 1362 1265 1428 1335 1901 1694 1390 1428 1147 1399 BCNSPRNW ULIB Ver.6.0+V

เปลี่ยนเป็นภาษาไทย

Change to English
 แสดงรายละเอียดบรรณานุกรม
  กลับหน้าหลัก

Brief Record : Get Marc (ISO 2709) : E-mail record : QR code < ปิดหน้าต่าง
LEADER : 00000nam 2200000uu 4500
001    13399110195
003     ULIB
008    110425s2547||||th 000 0 tha d
020    9748317943
060 04 WL346^bก835ม 2547
100 0  มนูญ บัญชรเทวกุล
245 10 อาการอัมพาตหรืออัมพฤกษ์ครึ่งซีก :^bพยากรณ์การฟื้นตัวเองของผู้ป่วยแนวทางการรักษาทางกายภาพบำบัด /^cมนูญ บัญชรเทวกุล
250    พิมพ์ครั้งที่ 3
260    กรุงเทพฯ :^bหมอชาวบ้าน ;^c2547
300    93 หน้า :^bภาพประกอบ ;^c21 ซม.
650  7 อัมพาตครึ่งซีก
650  7 กายภาพบำบัด
945    ^p110^l0^i017758
945    ^p110^l0^i017757
995    ทศพร
999 ^a ใช้งานได้ทุกระบบ
รายการนี้ยังไม่มีแท็ก
คุณยังไม่ได้ล็อกอิน คุณสามารถมีกิจกรรมร่วมกับเว็บไซต์ได้ แต่ต้องล็อกอินก่อน ::
  ล็อกอิน

รายการสื่อสารสนเทศ

ลำดับที่ ประเภท เลขเรียก/บาร์โค้ด สถานที่ สถานะ
- ไม่พบข้อมูล -

รายการใกล้เคียง
    ผู้แต่ง [มนูญ บัญชรเทวกุล]

    หัวเรื่อง [อัมพาตครึ่งซีก]
    หัวเรื่อง [กายภาพบำบัด]

BibComment


ยังไม่เคยถูกคอมเมนท์

คอมเมนท์ทรัพยากรรายการนี้
  คอมเมนท์: อาการอัมพาตหรืออั..


 Copyright 2026. Bcnsprnw @Library